000 00435nam a2200169 a 4500
001 11078
003 CO-ViMGA
008 141112s2004 ck r 000 u spa d
040 _aCO-ViMGA
_bspa
_cCO-ViMGA
082 0 4 _a843.91 S45h
100 1 _aSimon, Claude
_915335
245 1 0 _ala hierba
260 _aArgentina,
_cCompaƱia general Fabril Editora,
_c1961
300 _a188 p.
650 1 4 _aNOVELA FRANCESA
_92629
942 _2ddc
_cBK
999 _c22293
_d22293